Elektrické stroje 1

Bibliographic Details
Main Author: Hruškovič, Ladislav, 1929-2008 (Author)
Format: Book
Language:Slovak
PhysicalDescription:227 s. sch. 29 cm
Published: Bratislava Slovenská vysoká škola technická 1984
Edition:5. vyd.
Subjects:

MARC

LEADER 00000cam a2200000 a 4500
001 vtls001093372
003 SK-MaSNL
005 20260301191446.0
008 180814s1984 xo a b np 00|00 slo
015 |a SNBA1985/01 
035 |a SNK000036214 
040 |a SNK  |b slo  |c SNK  |e AACR2 
041 0 |a slo 
044 |a xo  |c SK 
080 |a 621.313(075.8)  |2 1981 
100 1 |a Hruškovič, Ladislav,  |d 1929-2008  |4 aut  |9 211671 
245 1 0 |a Elektrické stroje 1  |c Ladislav Hruškovič 
250 |a 5. vyd. 
260 |a Bratislava  |b Slovenská vysoká škola technická  |c 1984  |e Bratislava  |f Edičné stredisko SVŠT 
300 |a 227 s.  |b sch.  |c 29 cm 
366 |e 150 výtl. 
504 |a Obsahuje bibliografiu 
650 0 7 |a elektrické stroje  |2 SNKPH  |9 3914 
655 7 |a učebnice vysokých škôl  |2 SNKPH  |9 70191 
958 |a NB 
958 |a RM 
958 |a UV 
958 |a OND 
999 |c 871106  |d 873036 
952 |t P60, <04>, [BOOK], {604}  |a SNK  |b SNK  |y VYP  |7 0  |p 17A0207363  |o snkSB 38532/1 D1  |0 0  |1 0  |4 0  |d 1999-08-30  |l 0  |r 2004-12-31 00:00:00  |w 2026-02-24 
952 |a SNK  |b SNK  |y PREZ  |7 0  |p 17A0790967  |o snkSB 38532/1  |0 0  |1 0  |4 0  |d 2012-05-28  |f 1  |l 0  |r 2025-04-23 00:00:00  |w 2026-02-24